01040ntm a22003137a 450000500170000000800410001702000180005804100080007608200200008410000170010424500990012126000140022026000120023426000090024630000180025549000470027350501540032065000240047465000220049865000160052065000260053665000190056265000430058165000310062465000120065565000240066765000160069165000190070720250812143218.0180925b2014 xxu||||| |||| 00| 0 spa d a9789506417970 aESP a658.409.2 L693l aLi, Charlene aLiderazgo abierto: de qué modo la tecnología social puede transformar su manera de liderar aArgentina bGranica c2014 a382 páginas aDirección y Administración de Empresas aParte I. La ventaja de renunciar al control. Parte II. Cómo elaborar su estrategia abierta. Parte III. Liderazgo abierto: redefinir las relaciones. aLIDERAZGO EJECUTIVO aLIDERAZGO ABIERTO aGROUNDSWELL aLÍDERES EMPRESARIOS aREDES SOCIALES aREVOLUCIÓN DE LA TECNOLOGÍA SOCIAL aPLANEAMIENTO ESTRATÉGICO aCONTROL aAPRENDIZAJE ABIERTO aESTRATEGIAS aORGANIZACIONES